<?xml version="1.0" encoding="UTF-8"?>
<collection xmlns="http://www.loc.gov/MARC21/slim">
 <record>
  <leader>00366pamaa2200133   4500</leader>
  <controlfield tag="001">0000024793</controlfield>
  <controlfield tag="005">20061005090000.0</controlfield>
  <datafield tag="020" ind1="0" ind2="0">
   <subfield code="a">1854791729 </subfield>
  </datafield>
  <datafield tag="090" ind1="0" ind2="0">
   <subfield code="a">HV6250.25 </subfield>
   <subfield code="b">THO 1993</subfield>
  </datafield>
  <datafield tag="100" ind1="1" ind2="0">
   <subfield code="a">THOMAS </subfield>
  </datafield>
  <datafield tag="245" ind1="1" ind2="0">
   <subfield code="a">Dead giveaway : </subfield>
   <subfield code="b">murder avenged from the grave  </subfield>
   <subfield code="c">Donald Thomas.</subfield>
  </datafield>
  <datafield tag="260" ind1="0" ind2="0">
   <subfield code="a">London: </subfield>
   <subfield code="b">O'Mara Books Ltd., </subfield>
   <subfield code="c">1993.</subfield>
  </datafield>
  <datafield tag="300" ind1=" " ind2=" ">
   <subfield code="a">x, 277p.; </subfield>
   <subfield code="c">24cm.</subfield>
  </datafield>
  <datafield tag="650" ind1="0" ind2="0">
   <subfield code="a">Human rights </subfield>
  </datafield>
 </record>
</collection>
